[Event "ESP-chT 2nd Division 2019"]
[Site "Linares"]
[Date "2019.08.19"]
[Round "1.1"]
[White "Espineira Gonzalez, Diego"]
[Black "Jones, Gawain C B"]
[Result "1/2-1/2"]
[WhiteElo "2362"]
[BlackElo "2692"]
[Annotator "TA"]
[PlyCount "150"]
[EventDate "2019.08.19"]
[EventType "team-tourn"]
[EventCountry "ESP"]
[SourceTitle "playchess.com"]
[Source "ChessBase"]
[SourceQuality "1"]

{[%evp 20,150,0,-16,20,-41,-47,-48,-48,-50,-47,-45,-50,-69,-84,-83,-61,-89,-69,-87,-74,-88,-59,-58,-25,-81,-81,-81,-92,-83,-80,-81,-82,-85,-56,-51,0,0,0,0,0,0,0,0,0,0,0,0,0,0,0,-8,-13,-29,0,0,0,0,0,0,0,0,0,0,0,0,0,0,0,0,0,0,0,0,0,0,0,0,0,0,0,0,0,0,0,0,0,0,0,0,0,0,0,0,0,0,0,0,0,0,0,0,0,0,0,0,0,0,0,0,0,0,0,0,0,0,0,0,0,0,0,0,0,0,0,0,0,0,0,0,0,0,0]} 1. e4 c5 2. Nf3 Nc6 3. d4 cxd4 4. Nxd4 g6 5. Nb3 Bg7 6. Be2 Nf6 7. Nc3 a6 8. a4 d6 9. O-O Be6 10. Be3 O-O 11. f4 Nd7 {B74: Sicilian Dragon: Classical System with 9 Nb3} (11... Rc8 12. Kh1 Na5 13. f5 Bc4 14. Bd3 Nxb3 15. cxb3 Bxd3 16. Qxd3 Qa5 17. Bd4 Rfe8 18. Rad1 Qb4 19. Bxf6 Bxf6 20. Nd5 Qc5 21. fxg6 hxg6 22. Rxf6 exf6 23. Nxf6+ Kg7 24. Nxe8+ Rxe8 25. h3 Re6 26. Qc3+ Kg8 27. Qd4 {½-½ (27) Gurevich,V (2469)-Naumann,A (2532) Germany 2019}) 12. Qd2 ({White should try} 12. Rf2 $11) 12... Bxb3 $15 13. cxb3 Nc5 {Black is slightly better.} 14. Bxc5 $146 ({Predecessor:} 14. Qc2 Bd4 15. Rf3 Bxe3+ 16. Rxe3 Nd4 17. Qd1 Ncxb3 18. Ra3 Nxe2+ 19. Qxe2 {0-1 (30) Ladanyi,Z (2120)-Bartha,S (2169) Hungary 2012}) 14... dxc5 15. Qxd8 Rfxd8 16. Rad1 Bd4+ 17. Kh1 Na5 18. Bc4 Kg7 19. g3 Rab8 ({Of course not} 19... Nxc4 20. bxc4 Rd7 21. Rd2 $11) 20. f5 gxf5 (20... Rd6 {keeps more tension.} 21. Rd2 g5 22. Kg2 Rbd8 23. Rfd1 h5) 21. exf5 Rd6 (21... Bxc3 {is more complex.} 22. bxc3 Nxc4 23. bxc4 Kf6 24. Kg2 h5) 22. Rf4 (22. Rfe1 $11) 22... Nxc4 $17 23. bxc4 Bxc3 24. Rxd6 exd6 25. bxc3 {[%mdl 4096] Endgame KR-KR} Re8 26. Kg2 Re2+ 27. Rf2 Rxf2+ (27... Re4 $15) 28. Kxf2 $15 {KP-KP} Kf6 29. g4 b6 $1 30. Ke3 Ke5 31. h4 d5 32. cxd5 $1 {[#] Hoping for c4.} b5 33. axb5 axb5 34. d6 Kxd6 35. Ke4 b4 36. c4 $1 b3 37. Kd3 {The position is equal.} Ke5 38. Kc3 Kf4 39. Kxb3 Kxg4 40. Ka4 $1 Kxh4 $11 {K3P-KPP} (40... Kxf5 $5 41. Kb5 $8 Ke5 42. Kxc5 f5 $11) 41. Kb5 h5 42. Kxc5 {KPP-KPP} Kg5 {[#] White must now prevent ...h4.} 43. Kd6 h4 {And now ...h3 would win.} (43... Kxf5 44. c5 $18) 44. c5 h3 45. c6 h2 46. c7 h1=Q {( -> ...Qb7)} 47. c8=Q {KQ-KQ} Qh6+ 48. Kd5 Qh1+ 49. Kd6 Qh6+ 50. Kd5 Qf6 51. Ke4 Qe7+ 52. Kf3 Qe5 53. Qg8+ Kf6 54. Qd8+ Kxf5 55. Qd7+ Kg6 {Strongly threatening ...Qf5+.} (55... Kf6 {seems wilder.} 56. Qc6+ Ke7 57. Qb7+ Kf6 58. Qc6+) 56. Qc6+ Kh5 57. Qd7 Qf6+ 58. Kg3 Kg6 59. Qd3+ Qf5 60. Qd6+ Kh5 (60... Kg5 $5 {[%cal Rf5g4]} 61. Qd8+ Kh6 62. Qh4+ Kg6 63. Qg4+ Qg5 $11) 61. Qd1+ $1 Kh6 62. Qd6+ Kg5 63. Qd8+ (63. Qd4 {is interesting.} Kh6 64. Qd6+) 63... Kg6 (63... Kh5 {is more complex.} 64. Qh8+ Kg6 65. Qg8+ Kh6 66. Qh8+ Kg6) 64. Qd6+ f6 65. Qd4 Qg5+ 66. Kf3 Kh5 67. Qd7 $1 Qc5 68. Qh3+ Kg6 {aiming for ...Qa3+.} 69. Qg4+ Kf7 70. Qd7+ Kf8 71. Qd8+ Kg7 72. Qd7+ Kh6 73. Qh3+ Kg6 {Threatens to win with ...Qa3+.} 74. Qg4+ Qg5 75. Qxg5+ Kxg5 {Accuracy: White = 80%, Black = 65%.} 1/2-1/2

[Event "ESP-chT 2nd Division 2019"]
[Site "Linares"]
[Date "2019.08.19"]
[Round "1.2"]
[White "Del Rio De Angelis, Salvador G."]
[Black "Lopez Gonzalez, Alfonso"]
[Result "1-0"]
[WhiteElo "2472"]
[BlackElo "2219"]
[Annotator "ChessBase"]
[PlyCount "119"]
[EventDate "2019.08.19"]
[EventType "team-tourn"]
[EventCountry "ESP"]
[SourceTitle "playchess.com"]
[Source "ChessBase"]
[SourceQuality "1"]
[TimeControl "5400+30"]

1. d4 {[%emt 0:00:00]} d5 {[%emt 0:00:00]} 2. c4 {[%emt 0:00:00]} e6 {[%emt 0:00:00]} 3. Nc3 {[%emt 0:00:00]} Nf6 {[%emt 0:00:09]} 4. Bg5 {[%emt 0:00:08]} Be7 {[%emt 0:00:06]} 5. e3 {[%emt 0:00:16]} Nbd7 {[%emt 0:00:32]} 6. Nf3 {[%emt 0:00:19]} O-O {[%emt 0:01:32]} 7. Qc2 {[%emt 0:00:28]} c6 {[%emt 0:02:44]} 8. O-O-O {[%emt 0:00:24]} dxc4 {[%emt 0:08:56]} 9. Bxc4 {[%emt 0:00:09]} Qa5 {[%emt 0:08:17]} 10. Kb1 {[%emt 0:03:06]} b6 {[%emt 0:15:58]} 11. e4 {[%emt 0:05:51]} b5 {[%emt 0:12:55]} 12. Bd3 {[%emt 0:00:29]} h6 {[%emt 0:13:41]} 13. Bh4 {[%emt 0:00:57]} Re8 {[%emt 0:08:01]} 14. e5 {[%emt 0:07:09]} Nd5 {[%emt 0:00:45]} 15. Nxd5 {[%emt 0:00:16]} cxd5 {[%emt 0:00:09]} 16. Qc6 {[%emt 0:03:14]} Qb6 {[%emt 0:12:01]} 17. Qxb6 {[%emt 0:01:01]} Nxb6 {[%emt 0:00:23]} 18. Bxb5 {[%emt 0:00:23]} Bd7 {[%emt 0:00:07]} 19. Bxd7 {[%emt 0:00:20]} Nxd7 {[%emt 0:00:04]} 20. Bxe7 {[%emt 0:00:09]} Rxe7 {[%emt 0:00:03]} 21. Rc1 {[%emt 0:00:34]} Nb6 {[%emt 0:00:57]} 22. Rc6 {[%emt 0:02:26]} Rb8 {[%emt 0:00:40]} 23. Rhc1 {[%emt 0:00:35]} Rbb7 {[%emt 0:00:05]} 24. Ne1 {[%emt 0:03:54]} Nc4 {[%emt 0:04:31]} 25. Nd3 {[%emt 0:00:14]} Kh7 {[%emt 0:01:30]} 26. Rc3 {[%emt 0:06:19]} Rb8 {[%emt 0:02:12]} 27. Ra6 {[%emt 0:05:08]} Rc7 {[%emt 0:01:11]} 28. Kc1 {[%emt 0:09:19]} Rbc8 {[%emt 0:00:51]} 29. Ne1 {[%emt 0:01:29]} Kg6 {[%emt 0:01:37]} 30. Nc2 {[%emt 0:00:56]} Nb6 {[%emt 0:00:36]} 31. Rxc7 {[%emt 0:01:11]} Rxc7 {[%emt 0:00:04]} 32. Ra3 {[%emt 0:01:25]} f6 {[%emt 0:00:25]} 33. Rg3+ {[%emt 0:00:32]} Kf7 {[%emt 0:00:06]} 34. exf6 {[%emt 0:01:43]} gxf6 {[%emt 0:00:06]} 35. b3 {[%emt 0:00:15]} a5 {[%emt 0:00:55]} 36. Kd2 {[%emt 0:00:27]} a4 {[%emt 0:02:05]} 37. Rh3 {[%emt 0:01:17]} axb3 {[%emt 0:00:19]} 38. axb3 {[%emt 0:00:07]} Kg7 {[%emt 0:00:12]} 39. Rc3 {[%emt 0:00:21]} Rb7 {[%emt 0:00:52]} 40. Ne1 {[%emt 0:02:20]} Na8 {[%emt 0:00:52]} 41. Rc8 {[%emt 0:03:29]} Nc7 {[%emt 0:00:05]} 42. Nd3 {[%emt 0:00:45]} Ra7 {[%emt 0:01:06]} 43. Ke3 {[%emt 0:02:22]} Nb5 {[%emt 0:01:29]} 44. Rc6 {[%emt 0:02:59]} Kf7 {[%emt 0:01:18]} 45. Rb6 {[%emt 0:00:14]} Nc7 {[%emt 0:00:22]} 46. Nc5 {[%emt 0:01:00]} Ke7 {[%emt 0:00:29]} 47. g4 {[%emt 0:01:05]} e5 {[%emt 0:01:09]} 48. dxe5 {[%emt 0:00:33]} fxe5 {[%emt 0:00:02]} 49. Rxh6 {[%emt 0:00:20]} Ra1 {[%emt 0:00:14]} 50. Rc6 {[%emt 0:01:56]} Kd8 {[%emt 0:00:12]} 51. Rd6+ {[%emt 0:00:36]} Kc8 {[%emt 0:00:34]} 52. g5 {[%emt 0:00:56]} Re1+ {[%emt 0:01:14]} 53. Kf3 {[%emt 0:00:47]} e4+ {[%emt 0:00:52]} 54. Kg2 {[%emt 0:00:46]} e3 {[%emt 0:00:25]} 55. fxe3 {[%emt 0:00:39]} Rxe3 {[%emt 0:00:06]} 56. g6 {[%emt 0:01:04]} Re5 {[%emt 0:00:18]} 57. h4 {[%emt 0:00:21]} Ne8 {[%emt 0:00:37]} 58. Re6 {[%emt 0:03:57]} Rxe6 {[%emt 0:00:06]} 59. Nxe6 {[%emt 0:00:06]} Kd7 {[%emt 0:00:03]} 60. Nf4 {[%emt 0:00:27]} 1-0

[Event "ESP-chT 2nd Division 2019"]
[Site "Linares"]
[Date "2019.08.19"]
[Round "1.3"]
[White "Espineira Gonzalez, Pablo D."]
[Black "Iruzubieta Villaluenga, Jesus M"]
[Result "0-1"]
[WhiteElo "2179"]
[BlackElo "2438"]
[Annotator "NA"]
[PlyCount "95"]
[EventDate "2019.08.19"]
[EventType "team-tourn"]
[EventCountry "ESP"]
[SourceTitle "playchess.com"]
[Source "ChessBase"]
[SourceQuality "1"]
[TimeControl "5400+30"]

1. c4 {[%emt 0:00:00]} e5 {[%emt 0:00:32]} 2. Nc3 {[%emt 0:00:00]} Nc6 {[%emt 0:01:21]} 3. g3 {[%emt 0:00:00]} g6 {[%emt 0:00:17]} 4. Bg2 {[%emt 0:00:00]} Bg7 {[%emt 0:00:07]} 5. Rb1 {[%emt 0:00:35]} d6 {[%emt 0:03:37]} 6. b4 {[%emt 0:03:00]} a6 {[%emt 0:14:01]} 7. d3 {[%emt 0:09:49]} f5 {[%emt 0:00:30]} 8. Nd5 {[%emt 0:00:08]} Nce7 {[%emt 0:04:30]} 9. Bb2 {[%emt 0:10:02]} Nxd5 {[%emt 0:05:29]} 10. cxd5 {[%emt 0:00:14]} Nf6 {[%emt 0:00:10]} 11. Qb3 {[%emt 0:02:20]} O-O {[%emt 0:00:43]} 12. Nf3 {[%emt 0:04:22]} h6 {[%emt 0:00:37]} 13. O-O {[%emt 0:01:07]} Bd7 {[%emt 0:02:25]} 14. Nd2 {[%emt 0:03:38]} Be8 {[%emt 0:01:46]} 15. a4 {[%emt 0:04:43]} Bf7 {[%emt 0:05:05]} 16. b5 {[%emt 0:01:48]} c6 {[%emt 0:08:40]} 17. e4 {[%emt 0:03:38]} axb5 {[%emt 0:02:43]} 18. axb5 {[%emt 0:00:24]} cxd5 {[%emt 0:01:51]} 19. exd5 {[%emt 0:00:09]} h5 {[%emt 0:01:50]} 20. Ra1 {[%emt 0:01:26]} Rxa1 {[%emt 0:00:31]} 21. Rxa1 {[%emt 0:00:15]} h4 {[%emt 0:02:59]} 22. gxh4 {[%emt 0:25:19]} Bh6 {[%emt 0:10:19]} 23. Bc3 {[%emt 0:01:57]} Nh5 {[%emt 0:02:08]} 24. Nc4 {[%emt 0:11:04]} Nf4 {[%emt 0:00:56]} 25. Bd2 {[%emt 0:00:46]} Ne2+ {[%emt 0:08:46]} 26. Kf1 {[%emt 0:03:56]} Nd4 {[%emt 0:01:25]} 27. Qa4 {[%emt 0:07:48]} Bxd2 {[%emt 0:00:34]} 28. Nxd2 {[%emt 0:00:03]} Be8 {[%emt 0:06:55]} 29. Rb1 {[%emt 0:02:16]} Qxh4 {[%emt 0:00:28]} 30. h3 {[%emt 0:00:47]} Qh5 {[%emt 0:03:58]} 31. Qd1 {[%emt 0:02:04]} Qxd1+ {[%emt 0:00:27]} 32. Rxd1 {[%emt 0:00:07]} Bxb5 {[%emt 0:00:06]} 33. Nc4 {[%emt 0:00:21]} Bxc4 {[%emt 0:00:32]} 34. dxc4 {[%emt 0:00:01]} Rc8 {[%emt 0:02:49]} 35. f4 {[%emt 0:00:08]} Nc2 {[%emt 0:00:28]} 36. Kf2 {[%emt 0:01:27]} exf4 {[%emt 0:00:22]} 37. Rb1 {[%emt 0:02:00]} Ne3 {[%emt 0:04:58]} 38. Bf3 {[%emt 0:00:06]} Nxc4 {[%emt 0:00:29]} 39. Rxb7 {[%emt 0:00:28]} Ne5 {[%emt 0:00:08]} 40. Bg2 {[%emt 0:01:08]} Rc2+ {[%emt 0:00:44]} 41. Kg1 {[%emt 0:00:05]} f3 {[%emt 0:00:52]} 42. Bf1 {[%emt 0:00:02]} Rd2 {[%emt 0:00:19]} 43. Re7 {[%emt 0:00:04]} Kf8 {[%emt 0:00:51]} 44. Ra7 {[%emt 0:00:23]} Rxd5 {[%emt 0:00:11]} 45. Kf2 {[%emt 0:00:09]} g5 {[%emt 0:00:52]} 46. Ke3 {[%emt 0:00:06]} Rd1 {[%emt 0:00:28]} 47. Bb5 {[%emt 0:00:01]} Rb1 {[%emt 0:00:44]} 48. Kd4 0-1

[Event "ESP-chT 2nd Division 2019"]
[Site "Linares"]
[Date "2019.08.19"]
[Round "1.4"]
[White "Trigo Urquijo, Sergio"]
[Black "Lopez Grana, Carmen"]
[Result "1-0"]
[WhiteElo "2385"]
[BlackElo "1761"]
[Annotator "NA"]
[PlyCount "67"]
[EventDate "2019.08.19"]
[EventType "team-tourn"]
[EventCountry "ESP"]
[SourceTitle "playchess.com"]
[Source "ChessBase"]
[SourceQuality "1"]
[TimeControl "5400+30"]

1. d4 {[%emt 0:00:00]} Nf6 {[%emt 0:00:00]} 2. c4 {[%emt 0:00:00]} e6 {[%emt 0:00:00]} 3. Nc3 {[%emt 0:00:37]} Bb4 {[%emt 0:01:14]} 4. Qb3 {[%emt 0:00:41]} Bxc3+ {[%emt 0:01:25]} 5. Qxc3 {[%emt 0:00:10]} d5 {[%emt 0:01:07]} 6. Nf3 {[%emt 0:04:23]} Nbd7 {[%emt 0:03:51]} 7. Bg5 {[%emt 0:03:10]} c6 {[%emt 0:04:59]} 8. e3 {[%emt 0:06:46]} Qc7 {[%emt 0:04:02]} 9. Bf4 {[%emt 0:03:08]} Qd8 {[%emt 0:00:21]} 10. Bd3 {[%emt 0:03:00]} O-O {[%emt 0:02:52]} 11. O-O {[%emt 0:03:23]} dxc4 {[%emt 0:00:42]} 12. Qxc4 {[%emt 0:01:04]} h6 {[%emt 0:01:16]} 13. h3 {[%emt 0:05:43]} Qe7 {[%emt 0:08:28]} 14. Rac1 {[%emt 0:02:30]} Nb6 {[%emt 0:01:56]} 15. Qc5 {[%emt 0:02:09]} Qd8 {[%emt 0:03:32]} 16. e4 {[%emt 0:03:54]} Nfd7 {[%emt 0:05:01]} 17. Qa3 {[%emt 0:04:43]} Re8 {[%emt 0:02:55]} 18. Rfd1 {[%emt 0:05:46]} Qf6 {[%emt 0:03:30]} 19. Bc7 {[%emt 0:01:14]} g5 {[%emt 0:00:56]} 20. Bb1 {[%emt 0:01:44]} a5 {[%emt 0:02:29]} 21. Ne5 {[%emt 0:06:50]} a4 {[%emt 0:07:52]} 22. Ng4 {[%emt 0:10:19]} Qg7 {[%emt 0:01:01]} 23. Qb4 {[%emt 0:00:38]} h5 {[%emt 0:04:46]} 24. Nh2 {[%emt 0:01:07]} Qf8 {[%emt 0:02:39]} 25. Qd2 {[%emt 0:00:32]} Qg7 {[%emt 0:02:14]} 26. Qe2 {[%emt 0:01:25]} Qh6 {[%emt 0:02:50]} 27. Qe3 {[%emt 0:00:18]} Ra5 {[%emt 0:01:20]} 28. d5 {[%emt 0:03:32]} Rb5 {[%emt 0:03:43]} 29. dxc6 {[%emt 0:01:12]} bxc6 {[%emt 0:00:35]} 30. Rxc6 {[%emt 0:00:52]} Na8 {[%emt 0:00:38]} 31. Nf3 {[%emt 0:03:41]} h4 {[%emt 0:02:02]} 32. Qd4 {[%emt 0:02:15]} Nxc7 {[%emt 0:01:49]} 33. Rxc7 {[%emt 0:00:06]} Nf6 {[%emt 0:00:48]} 34. Qxa4 {[%emt 0:01:18]} 1-0

[Event "ESP-chT 2nd Division 2019"]
[Site "Linares"]
[Date "2019.08.19"]
[Round "1.5"]
[White "Lopez Gonzalez, Diego"]
[Black "Sosa Suarez, Carla Cristina"]
[Result "0-1"]
[WhiteElo "1687"]
[BlackElo "2135"]
[Annotator "TA"]
[PlyCount "102"]
[EventDate "2019.08.19"]
[EventType "team-tourn"]
[EventCountry "ESP"]
[SourceTitle "playchess.com"]
[Source "ChessBase"]
[SourceQuality "1"]

{[%evp 11,102,22,21,-29,-16,-45,-52,-48,-46,-45,-21,-35,-25,-25,-26,-45,-40,-40,-27,-34,0,-9,-8,0,0,-6,15,0,14,-9,-7,-16,0,-9,-2,-20,0,0,0,0,0,0,0,-13,-2,-12,0,-3,-5,-6,0,0,0,-48,-47,-72,-72,-70,-61,-106,-86,-104,-77,-348,-322,-385,-351,-5347,-5293,-5273,-5304,-5173,-3089,-2877,-2575,-2364,-2248,-29974,-29975,-29972,-29974,-29970,-29972,-29954,-29946,-29981,-29981,-29988,-29989,-29991,-29984,-29984,-29981]} 1. d4 e6 2. e4 d5 3. exd5 exd5 4. Bd3 Nc6 {[%cal Bb8c6,Bc6b4,Bb4d3][%mdl 32]} 5. Ne2 Bd6 6. Nbc3 Nge7 7. Be3 {C01: French: Exchange Variation} (7. Nb5 Bb4+ 8. c3 Ba5 9. a4 Bb6 10. O-O O-O 11. Bf4 a6 12. Na3 Bf5 13. Nc2 Qd7 14. Ne3 Bxd3 15. Qxd3 {0-1 (30) Owczarzak,J (2328)-Edouard,R (2659) Wroclaw 2014}) 7... Nb4 8. a3 Nxd3+ 9. Qxd3 {Black is slightly better.} c6 10. Bf4 $146 ({Predecessor:} 10. h3 Bf5 11. Qd2 O-O 12. O-O-O b5 13. g4 Be6 14. f4 f5 {0-1 (39) Kozlowski,M (1259)-Kacprzak,K (1574) Poland 2017}) 10... Bf5 11. Qd2 O-O 12. O-O Nc8 13. Rfe1 Be7 14. Nd1 Nd6 15. Ne3 {[#] Strongly threatening Bxd6.} Be4 16. Ng3 Re8 17. Bxd6 Bxd6 18. Nxe4 dxe4 19. c3 Qh4 20. h3 (20. g3 $5 {[%cal Rg3h4]} Qh3 21. Qe2 $11) 20... Qf4 21. Nf1 Qh4 22. Ne3 Qg5 23. Nc4 Qxd2 24. Nxd2 f5 25. g3 Rad8 26. Nc4 Bc7 27. Ne3 g6 28. Rad1 Kf7 29. Kg2 a5 {[%cal Ba7a5,Ba5a4][%mdl 32]} 30. d5 cxd5 31. Nxd5 Be5 32. Ne3 a4 33. Nc4 Bc7 34. Ne3 Ke6 35. Nc2 Rxd1 36. Rxd1 Rd8 37. Rxd8 $4 {[%mdl 8192] [#]} (37. Nd4+ $17 {was the only chance.} Kf6 38. f3) 37... Bxd8 $17 {[%mdl 4096] Endgame KB-KN} 38. Kf1 Bg5 39. Ne3 $2 (39. Nd4+ Kd5 40. Ke2) 39... Bxe3 $19 40. fxe3 {KP-KP} Kd5 41. Ke2 Kc4 42. Kd2 Kb3 43. Kc1 g5 44. h4 gxh4 {Black mates.} 45. gxh4 h5 46. Kb1 Kc4 47. Kc2 Kd5 48. b4 Kc4 49. Kb2 Kd3 50. b5 b6 51. c4 Kxc4 {Accuracy: White = 29%, Black = 66%.} 0-1

[Event "ESP-chT 2nd Division 2019"]
[Site "Linares"]
[Date "2019.08.19"]
[Round "1.6"]
[White "Moreno Trujillo, Alejandro"]
[Black "Alvarez Fernandez, Enrique"]
[Result "1/2-1/2"]
[WhiteElo "2519"]
[BlackElo "2335"]
[Annotator "TA"]
[PlyCount "102"]
[EventDate "2019.08.19"]
[EventType "team-tourn"]
[EventCountry "ESP"]
[SourceTitle "playchess.com"]
[Source "ChessBase"]
[SourceQuality "1"]

{[%evp 15,102,14,14,19,21,14,18,3,14,4,6,0,0,0,0,-11,-16,-19,0,-29,-32,-27,-27,-29,0,-11,-7,-9,-6,-22,-16,-27,-47,-47,-34,-41,-36,-36,-46,-37,-50,-45,-37,-52,-38,-17,0,0,0,0,0,0,0,0,0,0,0,0,0,8,14,9,61,57,54,40,47,41,55,15,54,0,45,44,66,11,61,0,82,0,73,25,38,47,56,0,0,0,53]} 1. d4 d5 2. c4 c6 3. Nf3 Nf6 4. cxd5 cxd5 5. Nc3 Nc6 6. Bf4 a6 7. Rc1 Bf5 8. e3 Rc8 9. Be2 {D13: Slav Defence: Exchange variation without ...Bf5} e6 10. O-O Nd7 11. Na4 Be7 12. Nc5 (12. h3 O-O 13. a3 Na5 14. Nc5 Nc4 15. b4 Nxc5 16. dxc5 Nxa3 {1-0 (44) So,W (2778)-Carlsen,M (2843) Stavanger 2018}) 12... e5 {[#] Strongly threatening ...Nxc5.} 13. Bg3 Nxc5 14. dxc5 {[#]} f6 $146 ({Predecessor:} 14... Bf6 15. Qb3 Qd7 16. Rfd1 Rd8 {1-0 (65) Moreno Trujillo,A (2522)-Jankovic,A (2554) Granada 2015}) 15. Nh4 Be6 16. Bg4 Qd7 17. Bxe6 Qxe6 18. Qh5+ Qf7 19. Qg4 $1 {[%cal Rg4c8]} O-O {[#] Threatens to win with ...f5.} (19... Rd8 $5 {[%cal Rg7g5]}) 20. Nf5 Kh8 $1 21. Rfd1 Rcd8 22. f3 Rfe8 23. Nxe7 Rxe7 24. Qa4 Red7 25. Qb3 Kg8 26. a3 d4 27. Qxf7+ Kxf7 28. e4 g5 29. Be1 Rc8 30. b4 Nd8 31. Bd2 Ne6 32. Kf2 Rdc7 33. Ke2 h5 34. g3 h4 35. gxh4 Rh8 36. hxg5 Rxh2+ 37. Kd3 fxg5 38. Rh1 Rxh1 (38... Rf2 $11) 39. Rxh1 $11 {[%mdl 4096] Endgame KRB-KRN} Kg6 40. Kc4 Rd7 41. a4 Rd8 42. Rg1 Kf6 43. Rh1 {Rh6+ is the strong threat.} Kg6 $1 44. Rh2 Rd7 45. Rg2 (45. b5 $14) 45... Kf6 46. Rh2 Kg6 $1 47. Rh1 Rd8 $1 48. Rb1 Rc8 49. Kd5 Kf6 50. Rh1 {aiming for Rh6+.} Rd8+ $1 51. Kc4 {Hoping for Rh6+.} Kg6 $1 {Accuracy: White = 51%, Black = 54%.} 1/2-1/2

[Event "ESP-chT 2nd Division 2019"]
[Site "Linares"]
[Date "2019.08.19"]
[Round "1.7"]
[White "Ruiz Marana, Alejandro"]
[Black "Nayhebaver, Martin"]
[Result "1/2-1/2"]
[WhiteElo "2268"]
[BlackElo "2469"]
[Annotator "TA"]
[PlyCount "106"]
[EventDate "2019.08.19"]
[EventType "team-tourn"]
[EventCountry "ESP"]
[SourceTitle "playchess.com"]
[Source "ChessBase"]
[SourceQuality "1"]

{[%evp 16,106,2,0,-1,12,27,13,7,19,22,18,20,18,0,-9,19,12,36,0,20,20,20,13,8,13,12,15,9,11,7,11,8,0,0,-2,0,0,0,0,0,-4,-4,-4,0,0,77,78,52,0,73,52,76,15,21,25,53,49,75,26,26,8,79,-8,0,0,0,0,0,0,0,0,0,0,0,0,0,0,0,0,0,0,0,0,0,0,0,0,0,0,0,0,0]} 1. d4 Nf6 2. c4 e6 3. Nc3 Bb4 4. Qc2 O-O 5. Nf3 c5 6. dxc5 Na6 {[%cal Bb8a6,Ba6c5,Bc5e4][%mdl 32]} 7. g3 Nxc5 8. Bg2 Nce4 9. O-O Bxc3 {E39: Nimzo-Indian: Classical: 4...c5 5 dxc5 0-0} (9... Nxc3 10. bxc3 Be7 11. e4 d6 12. e5 dxe5 13. Nxe5 Qc7 14. Qe2 Nd7 15. Bf4 Nxe5 16. Bxe5 Bd6 17. Rfe1 Rb8 18. Rad1 Bxe5 19. Qxe5 Qxe5 20. Rxe5 b6 21. c5 Ba6 22. c6 {½-½ (43) Nakamura,H (2781)-Caruana,F (2799) London 2017}) 10. bxc3 Qc7 11. Nd4 d5 12. cxd5 exd5 13. Bf4 Qc5 {[#]} 14. Qb3 $146 ({Predecessor:} 14. Rac1 Bd7 15. Qb3 b6 16. Qb4 Rfc8 17. Nb3 {½-½ (75) Dreev,A (2649)-Iturrizaga Bonelli,E (2636) Bastia 2018}) 14... b6 15. Rac1 Ba6 16. Rfe1 Qc8 17. Nb5 Qd7 18. a4 Rac8 19. c4 dxc4 20. Rxc4 Nc5 21. Qa2 Bxb5 22. axb5 Qxb5 23. Rec1 Qd7 24. Qc2 Rfe8 25. Be3 h6 26. Bf3 {[%cal Re3c5] [#]} Rxe3 $1 {[%mdl 512]} 27. fxe3 Re8 28. Rd1 Qe6 29. Qc3 a5 30. Rcd4 Qxe3+ (30... Qe5 $11) 31. Qxe3 $16 Rxe3 32. Rb1 (32. Rd8+ $1 $14 Kh7 33. R1d6) 32... Nfd7 (32... Re6 $1 $11) 33. Bc6 Ne5 34. Rxb6 (34. Kf2 $16 Rb3 35. Rxb3 Nxc6 36. Rc4 Nxb3 37. Rxc6) 34... Rxe2 $11 35. Bd5 a4 36. Rb5 {[%mdl 1024] White has compensation.} Rc2 37. Rb8+ Kh7 38. Ra8 f5 (38... h5 $11 {remains equal.}) 39. h3 ({Better is} 39. Rc8 $16) 39... Kg6 {The position is equal.} 40. Ra7 Kf6 41. Kf1 Rc3 42. Kg2 Rc2+ 43. Kf1 g5 44. Rb4 {[#] Strongly threatening Rb6+.} Ned3 45. Rc4 Rf2+ 46. Kg1 {Rxc5! is the strong threat.} Rd2 47. Bg8 Ne4 {And now ...Ne5 would win.} 48. Rf7+ Ke5 $1 {Hoping for ...Rd1+.} 49. Rxa4 Rd1+ 50. Kh2 Rd2+ 51. Kg1 Rd1+ 52. Kh2 Rd2+ 53. Kg1 Rd1+ {Accuracy: White = 66%, Black = 44%.} 1/2-1/2

[Event "ESP-chT 2nd Division 2019"]
[Site "Linares"]
[Date "2019.08.19"]
[Round "1.8"]
[White "Khamrakulov, Ibragim S."]
[Black "Ruiz Cuadrado, Fernando"]
[Result "1-0"]
[WhiteElo "2429"]
[BlackElo "1876"]
[Annotator "NA"]
[PlyCount "59"]
[EventDate "2019.08.19"]
[EventType "team-tourn"]
[EventCountry "ESP"]
[SourceTitle "playchess.com"]
[Source "ChessBase"]
[SourceQuality "1"]
[TimeControl "5400+30"]

1. e4 {[%emt 0:00:00]} e5 {[%emt 0:00:00]} 2. Nf3 {[%emt 0:00:00]} Nc6 {[%emt 0:00:00]} 3. Bc4 {[%emt 0:00:23]} Bc5 {[%emt 0:00:26]} 4. c3 {[%emt 0:01:14]} Nf6 {[%emt 0:02:03]} 5. d3 {[%emt 0:00:24]} d6 {[%emt 0:02:05]} 6. O-O {[%emt 0:01:06]} Bb6 {[%emt 0:06:20]} 7. Bb3 {[%emt 0:00:17]} Ne7 {[%emt 0:00:07]} 8. Be3 {[%emt 0:02:28]} O-O {[%emt 0:01:07]} 9. Nbd2 {[%emt 0:20:39]} Ng6 {[%emt 0:01:15]} 10. d4 {[%emt 0:03:28]} Qe7 {[%emt 0:07:00]} 11. a4 {[%emt 0:03:14]} c6 {[%emt 0:05:00]} 12. dxe5 {[%emt 0:08:29]} dxe5 {[%emt 0:03:00]} 13. Bxb6 {[%emt 0:00:52]} axb6 {[%emt 0:00:14]} 14. g3 {[%emt 0:02:16]} Rd8 {[%emt 0:06:48]} 15. Qe2 {[%emt 0:00:25]} Bg4 {[%emt 0:02:19]} 16. Rfd1 {[%emt 0:11:41]} b5 {[%emt 0:02:05]} 17. a5 {[%emt 0:03:53]} Qc7 {[%emt 0:03:43]} 18. h3 {[%emt 0:09:05]} Bxf3 {[%emt 0:04:53]} 19. Nxf3 {[%emt 0:00:15]} Rxd1+ {[%emt 0:01:59]} 20. Rxd1 {[%emt 0:02:40]} h6 {[%emt 0:00:48]} 21. c4 {[%emt 0:02:48]} bxc4 {[%emt 0:02:11]} 22. Qxc4 {[%emt 0:04:35]} Rxa5 {[%emt 0:01:27]} 23. h4 {[%emt 0:00:21]} b5 {[%emt 0:09:19]} 24. Qc5 {[%emt 0:01:37]} Nxe4 {[%emt 0:04:59]} 25. Qc2 {[%emt 0:00:20]} Nxg3 {[%emt 0:04:05]} 26. Qxg6 {[%emt 0:02:22]} Ne2+ {[%emt 0:00:18]} 27. Kf1 {[%emt 0:00:29]} Nf4 {[%emt 0:00:22]} 28. Bxf7+ {[%emt 0:01:29]} Kf8 {[%emt 0:00:13]} 29. Qf5 {[%emt 0:00:10]} Ra8 {[%emt 0:01:40]} 30. Nxe5 {[%emt 0:01:01]} 1-0